01426nam a22002777a 4500003000900000005001700009007000300026008004100029020001800070040002500088082001600113100004600129245014400175260004800319300003200367500009200399500013000491590002700621700003500648910001400683942001400697952013600711952014200847952014200989999001701131DO-SdBNP20220603130624.0ta110301s2020 dr ac 000 0 spa d a9789945626001 aDO-SdBNPbspacBNPHU 4axxxxbC957i1 aCruz Fabián, Carlos de la953018d1952-10aImpacto de la comunicación :ben el fortalecimiento de la convivencia familiar /cCarlos de la Cruz Fabián ; prólogo Leoncio Peguero  aSanto Domingo :bVérite editorial,c2020. a81 p. :bil., retr.c22 cm. aIncluye datos biográficos del autor en la solapa de la portada y en la página 77.  aUna obra que busca revalorizar la integridad y unión familiar en medio de la incertidumbre y el desprecio al valor humano.  aInventariado, 2022/ YL12aPeguero, Leoncioeprol.981778 aYLockward 2ddccLBS1 00102ddc51708PDaBNPHUbBNPHUcHDd2021-10-22eVérite editorial groupl0oxxxx C957ip2022-2714r2022-06-03w2022-06-03yLBS1 00102ddc51708PDaBNPHUbBNPHUcHDd2021-10-22eVérite editorial groupl0oxxxx C957ip2022-2715r2022-06-03te. 2w2022-06-03yLBS1 00102ddc56708PDaBNPHUbBNPHUcHDd2021-10-22eVérite editorial groupl0oxxxx C957ip2022-2716r2022-06-03te. 3w2022-06-03yLBS1 c51926d51926